Normal view
MARC view
- ابو بكر، عيد احمد
Entry Personal Name
001 - CONTROL NUMBER
- control field: 30104
003 - CONTROL NUMBER IDENTIFIER
- control field: JO-AjAnu
005 - DATE AND TIME OF LATEST TRANSACTION
- control field: 20230606075101.0
008 - FIXED-LENGTH DATA ELEMENTS
- fixed length control field: 230606|| aca||aabn | a|a d
040 ## - CATALOGING SOURCE
- Original cataloging agency: JO-AjAnu
- Transcribing agency: JO-AjAnu
100 ## - HEADING--PERSONAL NAME
- Personal name: ابو بكر، عيد احمد
670 ## - SOURCE DATA FOUND
- Source citation: Work cat.: (JO-AjAnu)15462: ابو بكر، عيد احمد, author, دراسات وبحوث في التأمين : بحوث علمية محكمة